Talleres infantiles de creación literaria / (Record no. 91775)
[ view plain ]
| 000 -CABECERA | |
|---|---|
| campo de control de longitud fija | 00743nam a2200217 a 4500 |
| 005 - FECHA Y HORA DE LA ÚLTIMA TRANSACCIÓN | |
| campo de control | 20230627063533.0 |
| 008 - ELEMENTOS DE LONGITUD FIJA--INFORMACIÓN GENERAL | |
| campo de control de longitud fija | 020920s1994 mx r 000 0 spa d |
| 020 ## - NÚMERO INTERNACIONAL NORMALIZADO PARA LIBROS | |
| Número Internacional Estándar del Libro | 9586710599 |
| 035 ## - NÚMERO DE CONTROL DEL SISTEMA | |
| Número de control de sistema | UPN01000119421 |
| 049 ## - COLECCIÓN | |
| Colección | CG |
| 050 #4 - SIGNATURA TOPOGRÁFICA DE LA BIBLIOTECA DEL CONGRESO | |
| Número de clasificación | PN171 C5 |
| Número de documento/Ítem | W4.7 |
| 100 1# - ASIENTO PRINCIPAL--NOMBRE PERSONAL | |
| Nombre de persona | Weinschelbaum, Lila L. |
| 245 10 - MENCIÓN DE TÍTULO | |
| Título | Talleres infantiles de creación literaria / |
| Mención de responsabilidad, etc. | Lila L. Weinschelbaum. |
| 260 ## - PUBLICACIÓN, DISTRIBUCIÓN, ETC. | |
| Lugar de publicación, distribución, etc. | Santa Fé de Bogotá : |
| Nombre del editor, distribuidor, etc. | CERLALC ; |
| Lugar de publicación, distribución, etc. | Buenos Aires : |
| Nombre del editor, distribuidor, etc. | Aique, |
| Fecha de publicación, distribución, etc. | 1994. |
| 300 ## - DESCRIPCIÓN FÍSICA | |
| Extensión | 190 p. : |
| Otras características físicas | il. |
| 440 #0 - MENCIÓN DE SERIE/ASIENTO SECUNDARIO--TÍTULO | |
| Título | Coedición latinoamericana de libros para la promoción de la lectura ; |
| Designación de volumen o secuencia | 8 |
| 650 #4 - ASIENTO SECUNDARIO DE MATERIA - TERMINO TEMATICO | |
| Término de materia o nombre geográfico como elemento de entrada | NIÑOS COMO AUTORES |
| 9 (RLIN) | 10037 |
| 650 #4 - ASIENTO SECUNDARIO DE MATERIA - TERMINO TEMATICO | |
| Término de materia o nombre geográfico como elemento de entrada | LITERATURA INFANTIL - |
| Subdivisión general | ESTUDIO Y ENSEÑANZA |
| 9 (RLIN) | 9176 |
| 650 #4 - ASIENTO SECUNDARIO DE MATERIA - TERMINO TEMATICO | |
| Término de materia o nombre geográfico como elemento de entrada | Talleres escolares |
| 9 (RLIN) | 4870 |
| 905 ## - TIPO DE MATERIAL | |
| Tipo de material | Libro |
| Estado de retiro | Estado de pérdida | Fuente del sistema de clasificación o colocación | Estado dañado | No para préstamo | Código de colección | Localización permanente | Ubicación/localización actual | Ubicación en estantería | Total de préstamos | Clasificación | Código de barras | Fecha visto por última vez | Número de copia | Tipo de ítem Koha |
|---|---|---|---|---|---|---|---|---|---|---|---|---|---|---|
| Library of Congress Classification | Colección General | Bib. Gregorio Torres Quintero | Bib. Gregorio Torres Quintero | Planta baja | 7 | PN171 C5 W4.7 | 196488 | 31/12/2020 | 1 | Libro | ||||
| Library of Congress Classification | Colección General | Bib. Gregorio Torres Quintero | Bib. Gregorio Torres Quintero | Planta baja | 8 | PN171 C5 W4.7 | 189581 | 31/12/2020 | 1 | Libro |
